Movies of 1990 Quiz Stats

 Plays Quiz Updated Apr 30, 2018

Score 0/16 Timer 06:00
4 Plays Today
Picture Movie % Correct
6Home Alone
99%
10Edward Scissorhands
93.4%
2Pretty Woman
90.5%
16Teenage Mutant Ninja Turtles
90.2%
11Ghost
87.9%
9Back to the Future Part III
78.7%
1Goodfellas
77.2%
7Kindergarten Cop
74.1%
Picture Movie % Correct
4Rocky V
73.6%
12Dances With Wolves
73.3%
15Die Hard 2: Die Harder
70.9%
3Misery
70.9%
13The Godfather: Part III
66.3%
14Dick Tracy
63.6%
8Total Recall
46.4%
5Wild at Heart
7.2%

You're not logged in!

Compare scores with friends on all Sporcle quizzes.
OR
Log In

Sporcle TV

Today on Sporcle TV


Watch our educational content, quiz creation guides, and fun videos on Sporcle TV.

Show Comments

Extras

Top Quizzes Today


Score Distribution

Your Account Isn't Verified!

In order to create a playlist on Sporcle, you need to verify the email address you used during registration. Go to your Sporcle Settings to finish the process.

Report this User

Report this user for behavior that violates our Community Guidelines.

Details: